SOIL MICROBIOLOGY (Record no. 291067)

MARC details
000 -LEADER
fixed length control field 00393pam a2200145a 44500
008 - FIXED-LENGTH DATA ELEMENTS--GENERAL INFORMATION
fixed length control field 230405s2014 xxu||||| |||| 00| 0 eng d
041 ## - LANGUAGE CODE
Language code of text/sound track or separate title ENG
100 ## - MAIN ENTRY--PERSONAL NAME
Personal name MISHRA R R
245 ## - TITLE STATEMENT
Title SOIL MICROBIOLOGY
250 ## - EDITION STATEMENT
Edition statement 1ST ED. 1996, RP. 2014 Ed.
260 ## - PUBLICATION, DISTRIBUTION, ETC.
Place of publication, distribution, etc. NEW DELHI
Name of publisher, distributor, etc. CBS PUB
Date of publication, distribution, etc. 2014
300 ## - PHYSICAL DESCRIPTION
Extent 156p.
440 ## - SERIES STATEMENT/ADDED ENTRY--TITLE
Title BHARATI GRAHAK BHANDAR, PUNE. BILL NO. 4424, DT- 16/08/018
906 ## - LOCAL DATA ELEMENT F, LDF (RLIN)
a 2189
Holdings
Withdrawn status Lost status Damaged status Not for loan Collection Home library Current library Shelving location Date acquired Total Checkouts Barcode Date last seen Price effective from Koha item type Date last checked out
          Loknete Mohanrao Kadam College of Agriculture, Kadegaon, Sangli Loknete Mohanrao Kadam College of Agriculture, Kadegaon, Sangli   08/12/2020   AGK-5916 17/04/2023 17/04/2023 Book  
          Loknete Mohanrao Kadam College of Agriculture, Kadegaon, Sangli Loknete Mohanrao Kadam College of Agriculture, Kadegaon, Sangli   08/12/2020   AGK-5915 17/04/2023 17/04/2023 Book  
          Loknete Mohanrao Kadam College of Agriculture, Kadegaon, Sangli Loknete Mohanrao Kadam College of Agriculture, Kadegaon, Sangli   08/12/2020 1 AGK-5914 02/05/2026 17/04/2023 Book 22/04/2026
          Loknete Mohanrao Kadam College of Agriculture, Kadegaon, Sangli Loknete Mohanrao Kadam College of Agriculture, Kadegaon, Sangli   08/12/2020 1 AGK-5913 04/03/2025 17/04/2023 Book 03/03/2025
          Loknete Mohanrao Kadam College of Agriculture, Kadegaon, Sangli Loknete Mohanrao Kadam College of Agriculture, Kadegaon, Sangli   08/12/2020   AGK-5912 17/04/2023 17/04/2023 Book